The movies as a world force : American silent cinema and the utopian imagination /

Bibliographic Details
Main Author: Friedman, Ryan Jay (Author)
Format: Book
Language:English
Published: New Brunswick, New Jersey : Rutgers University Press, [2019]
Subjects:

MARC

Tag First Indicator Second Indicator Subfields
LEADER 00000cam a2200000 i 4500
001 in00004056310
005 20190422110358.0
008 180312t20192019njua b s001 0 eng
010 |a  2018007355 
020 |a 9780813593609  |q (cloth) 
020 |a 0813593603  |q (cloth) 
020 |a 9780813593593  |q (pbk.) 
020 |a 081359359X  |q (pbk.) 
035 |a (OCoLC)on1028598244 
040 |a DLC  |e rda  |c DLC  |d UtOrBLW 
043 |a n-us--- 
049 |a TXAM 
050 0 0 |a PN1995.9.U76  |b F75 2018 
082 0 0 |a 791.43/672  |2 23 
100 1 |a Friedman, Ryan Jay,  |e author.  |0 http://id.loc.gov/authorities/names/no2006027883 
245 1 4 |a The movies as a world force :  |b American silent cinema and the utopian imagination /  |c Ryan Jay Friedman. 
264 1 |a New Brunswick, New Jersey :  |b Rutgers University Press,  |c [2019] 
264 4 |c ©2019 
300 |a 254 pages :  |b illustrations ;  |c 24 cm. 
336 |a text  |b txt  |2 rdacontent 
337 |a unmediated  |b n  |2 rdamedia 
338 |a volume  |b nc  |2 rdacarrier 
504 |a Includes bibliographical references and index. 
505 0 |a Introduction: motion pictures and modern communion -- Enlightened public opinion: post-reform progressivism, mental science, and Gerald Stanley Lee's "moving-pictures" -- "The occult elements of motion and light": Vachel Lindsay's utopia of the mirror screen -- "The motion picture is war's greatest antidote": rescue as release of force in D. W. Griffith's Intolerance -- "Everything wooed everything": the triumph of morale over moralism in Rupert Hughes's Souls for sale -- "Little grains of sand": positive thinking and corporate form in Douglas Fairbanks's The thief of Bagdad -- Conclusion: universal history and the historicity of film entertainment. 
650 0 |a Utopias in motion pictures.  |0 http://id.loc.gov/authorities/subjects/sh2005004424 
650 0 |a Silent films  |z United States  |x History. 
945 |b 918434 
947 |a A14850876575 
948 |a cataloged  |b h  |c 2019/3/4  |d c  |e dmitchel  |f 9:30:20 am 
994 |a 92  |b TXA 
999 f f |s d40dcc4b-a82a-3224-a0d1-f7b66bcf1ff9  |i 90983aea-7387-385b-88ac-8adc68ffe766  |t 0 
952 f f |p normal  |a Texas A&M University  |b College Station  |c Sterling C. Evans Library  |d Evans: Library Stacks  |t 0  |e PN1995.9.U76 F75 2018  |h Library of Congress classification  |i unmediated -- volume  |m A14850876575 
998 f f |a PN1995.9.U76 F75 2018  |t 0  |l Evans: Library Stacks